Транспорт нефти морских месторождений совместного педприятия "Вьетсовпетро"; Проблемы геологии и освоения недр

Podrobná bibliografie
Parent link:Проблемы геологии и освоения недр.— 2008.— С. 605-607
Hlavní autor: Нгуен Хоай Чунг
Další autoři: Крец В. Г. Виктор Георгиевич (научный руководитель)
Jazyk:ruština
Vydáno: 2008
Témata:
Médium: MixedMaterials Kapitola
KOHA link:https://koha.lib.tpu.ru/cgi-bin/koha/opac-detail.pl?biblionumber=178972

MARC

LEADER 00000naa2a2200000 4500
001 178972
005 20231031170201.0
035 |a (RuTPU)RU\TPU\book\193993 
090 |a 178972 
100 |a 20100413d2008 k y0rusy50 ca 
101 0 |a rus 
102 |a RU 
200 1 |a Транспорт нефти морских месторождений совместного педприятия "Вьетсовпетро"  |f Нгуен Хоай Чунг  |g науч. рук. В. Г. Крец 
320 |a Библиогр.: 3 назв. 
463 0 |0 (RuTPU)RU\TPU\book\164908  |y 5-89503-079-3  |t Проблемы геологии и освоения недр  |o труды XII Международного симпозиума имени академика М. А. Усова студентов и молодых ученых, посвященного 100-летию первого выпуска горных инженеров в Сибири и 90-летию создания Сибгеолкома в России  |f Томский политехнический университет (ТПУ), Институт геологии и нефтегазового дела (ИГНД)  |v С. 605-607  |d 2008  |p 944 с. 
610 1 |a нефть 
610 1 |a морские месторождения 
610 1 |a транспорт 
610 1 |a совместные предпиятия 
610 1 |a ВЬЕТСОВПЕТРО 
610 1 |a Вьетнам 
610 1 |a труды учёных ТПУ 
700 0 |a Нгуен Хоай Чунг 
702 1 |a Крец  |b В. Г.  |c специалист в области нефтегазового дела  |c доцент Томского политехнического университета, кандидат технических наук  |f 1942-  |g Виктор Георгиевич  |2 stltpush  |4 727 
801 1 |a RU  |b 63413507  |c 20100413 
801 2 |a RU  |b 63413507  |c 20130508  |g RCR 
942 |c BK